| 000 | 00662nam a2200205Ia 4500 | ||
|---|---|---|---|
| 001 | 42890 | ||
| 003 | OSt | ||
| 005 | 20150625093540.0 | ||
| 008 | 140425s9999 xx 000 0 und d | ||
| 020 | _aNA | ||
| 040 | _cPK-LaUMT | ||
| 082 |
_aRHC 891.4394 _bASR-N |
||
| 100 | _aAsrar Ahmad Saharvi(اسرار احمد سہروی) | ||
| 245 |
_aNamood-e-fan (Urdu)(نمود فن ) _cAsrar Ahmad Saharvi(اسرار احمد سہروی) |
||
| 260 |
_aGujranwala,Pakistan:(گجرانوالہ، پاکستان ) _bFarogh-e-Adab Academy,(فروغ ادب اکیڈمی) _c1998 |
||
| 300 | _a160 p. | ||
| 546 | _aUR | ||
| 650 | _aPakistani essay-Urdu | ||
| 942 |
_cBK _2ddc |
||
| 999 |
_c40902 _d40902 |
||